000 00382nam a2200169Ia 4500
005 20250423101351.0
008 250422s9999 xx 000 0 und d
020 _a0-517-10326-5
050 _aGC 11.2 .O24/
245 4 _aThe oceans : a celebration
260 _aNew York
260 _bCrescent Books
260 _c1993
300 _a224 p
650 _aBiology
942 _cBK
999 _c36097
_d36097